[Event "AUTO-OPEN-1468"]
[Site "http://www.queenalice.com/game.php?id=551932"]
[Date "2009.3.7"]
[Round "1"]
[White "Drica"]
[Black "Orfeu"]
[Result "0-1"]
[WhiteElo "1592"]
[BlackElo "1959"]

1. e4 e5 2. Qf3 Nc6 3. c3 Nf6 4. Nh3 d6 5. Bc4 Bg4 6. Qd3 h6 7. f3 Bxh3 8. gxh3
Be7 9. b4 Nh5 10. Qf1 Bh4+ 11. Kd1 Nf4 12. a3 Qd7 13. d3 Nxh3 14. Bxf7+ Kxf7 15.
Nd2 Rhf8 16. Nc4 Kg8 17. Qg2 Rf6 18. Be3 Raf8 19. Nd2 Bg5 20. Bxg5 Nxg5 21. Qg4
Qxg4 22. fxg4 Nh3 23. Kc2 Nd8 24. Rhf1 Ne6 25. Rxf6 Rxf6 0-1

[Event "AUTO-OPEN-1468"]
[Site "http://www.queenalice.com/game.php?id=551933"]
[Date "2009.3.7"]
[Round "1"]
[White "Orfeu"]
[Black "DUDUZ"]
[Result "1-0"]
[WhiteElo "1980"]
[BlackElo "998"]

1. e4 e5 2. Nf3 d6 3. Bc4 g5 4. d3 b6 5. Nxg5 c5 6. Nxf7 Qf6 7. Nxh8 Qxh8 8.
Qh5+ Kd8 9. Bg5+ Ne7 10. Nc3 Kd7 11. Nd5 Ng6 12. Bb5+ Nc6 13. Qg4+ Ke8 14. Bxc6+
Kf7 15. Qf3+ Kg8 16. Nf6+ Kg7 17. Ne8+ Kg8 18. Bd5+ Be6 19. Bxe6# 1-0

[Event "AUTO-OPEN-1468"]
[Site "http://www.queenalice.com/game.php?id=551934"]
[Date "2009.3.7"]
[Round "1"]
[White "DUDUZ"]
[Black "Orfeu"]
[Result "0-1"]
[WhiteElo "1011"]
[BlackElo "1982"]

1. e4 e5 2. Nf3 Nc6 3. c4 Nf6 4. b3 Nxe4 5. d3 Nf6 6. h4 Bc5 7. a4 d6 8. Nc3 O-O
9. g3 Nh5 10. Bg5 f6 11. Bc1 Bg4 12. Be2 f5 13. O-O Nxg3 14. Kg2 Nxe2 15. Qxe2
Nd4 16. Qe1 Nxf3 17. Qd1 Nxh4+ 18. Kg1 Bxd1 19. Nxd1 Qe8 0-1

[Event "AUTO-OPEN-1468"]
[Site "http://www.queenalice.com/game.php?id=551935"]
[Date "2009.3.7"]
[Round "1"]
[White "Orfeu"]
[Black "Ben_Gurion"]
[Result "1-0"]
[WhiteElo "1976"]
[BlackElo "1668"]

1. d4 d5 2. c4 e6 3. Nc3 Nf6 4. Nf3 Be7 5. Bg5 Nbd7 6. e3 O-O 7. Bd3 dxc4 8.
Bxc4 c5 9. O-O b6 10. Qc2 Bb7 11. Be2 Rc8 12. Rad1 cxd4 13. Nxd4 Be4 14. Qd2 Qc7
15. Rc1 Qb7 16. f3 Bg6 17. a3 h6 18. Bh4 a6 19. e4 e5 20. Nc2 Nc5 21. Qe1 Nb3
22. Rd1 Bc5+ 23. Kh1 Nh5 24. Bc4 Na5 25. Ba2 Nc6 26. Nd5 Kh8 27. b4 Be7 28. Nxe7
Nxe7 29. Ne3 Nc6 30. Nc4 Qb8 31. Rf2 Nd4 32. Be7 Rfe8 33. Bd6 Qb7 34. Bxe5 Ne6
35. Nd6 Qe7 36. Nxe8 Qxe8 37. Rfd2 Nhf4 38. Qe3 Nh5 39. Bxe6 Qxe6 40. Qxh6+ 1-0

[Event "AUTO-OPEN-1468"]
[Site "http://www.queenalice.com/game.php?id=551936"]
[Date "2009.3.7"]
[Round "1"]
[White "Ben_Gurion"]
[Black "Orfeu"]
[Result "0-1"]
[WhiteElo "1662"]
[BlackElo "1961"]

1. e4 e5 2. Nf3 Nc6 3. Bc4 h6 4. c3 Nf6 5. d3 a6 6. a4 d6 7. h3 Be7 8. O-O O-O
9. Nbd2 Be6 10. Bxe6 fxe6 11. d4 exd4 12. cxd4 Nb4 13. Qb3 d5 14. e5 Nh5 15. Qd1
Qe8 16. Nb3 a5 17. Be3 b6 18. Rc1 Na6 19. Nh2 Nf4 20. Qg4 Bg5 21. Nf3 Ne2+ 22.
Kh2 Nxc1 23. Bxg5 Nxb3 24. Bxh6 Rf7 25. Be3 Nb4 26. Ng5 Rf5 27. Qh4 Qg6 28. g4
Rxg5 29. Bxg5 Nxd4 30. Kg2 Nd3 31. Rd1 Qe4+ 32. Kg1 Nf3+ 0-1

[Event "AUTO-ADV-1200"]
[Site "http://www.queenalice.com/game.php?id=588012"]
[Date "2009.5.14"]
[Round "2"]
[White "Orfeu"]
[Black "pomar"]
[Result "1-0"]
[WhiteElo "2000"]
[BlackElo "1957"]

1. d4 e6 2. c4 d5 3. Nc3 a6 4. a4 Bb4 5. Bd2 dxc4 6. e3 Nf6 7. Bxc4 c5 8. Nge2
Nc6 9. dxc5 Bxc5 10. O-O Ne5 11. Bb3 Nd3 12. Qb1 e5 13. Ng3 h5 14. Nge4 Bb4 15.
Nxf6+ gxf6 16. Rd1 Bf5 17. Bc2 e4 18. Ne2 Qa5 19. Bxb4 Qxb4 20. Ra3 Qxb2 21.
Qxb2 Nxb2 22. Rb1 Nc4 23. Rc3 Nd6 24. Nf4 Bg6 25. Nd5 O-O 26. Nxf6+ Kg7 27. Nd7
Rfc8 28. Rxc8 Rxc8 29. Bb3 Bf5 30. Nb6 Rc6 31. Nd5 Be6 32. h3 Rc5 33. Nf4 Bxb3
34. Rxb3 h4 35. Ne2 Kf6 36. Nd4 Ke5 37. f4+ Kd5 38. Rb4 f5 39. Kf2 Rc4 40. Rxc4
Kxc4 41. g4 hxg3+ 42. Kxg3 Kb4 43. h4 Kxa4 44. h5 b5 45. h6 b4 46. h7 Nf7 47.
Kh4 b3 48. Nxb3 Kxb3 49. Kh5 a5 50. Kg6 Nh8+ 51. Kg7 a4 52. Kxh8 a3 53. Kg8 a2
54. h8=Q Kc2 55. Kf7 Kb1 56. Ke6 a1=Q 57. Qxa1+ Kxa1 58. Kxf5 1-0

[Event "AUTO-ADV-1200"]
[Site "http://www.queenalice.com/game.php?id=588013"]
[Date "2009.5.14"]
[Round "2"]
[White "pomar"]
[Black "Orfeu"]
[Result "1-0"]
[WhiteElo "2033"]
[BlackElo "2017"]

1. f3 e6 2. Kf2 Nh6 3. d4 Nf5 4. g3 b6 5. e4 Nxd4 6. Be3 Ndc6 7. c4 Qf6 8. Nc3
a6 9. Nge2 Bb7 10. Nd4 Bc5 11. Nc2 d6 12. Bxc5 dxc5 13. Qe2 Nd7 14. Rd1 Rd8 15.
Bg2 O-O 16. Ne3 Nd4 17. Qf1 Qe7 18. Rd2 f5 19. exf5 Nxf5 20. Nxf5 Rxf5 21. Qd3
Rff8 22. Qe3 Nf6 23. Bh3 Bxf3 24. Rxd8 Qxd8 25. Bxe6+ Kh8 26. Qxf3 Ng4+ 27. Bxg4
Rxf3+ 28. Bxf3 Qd2+ 29. Be2 Qxb2 30. Rd1 g6 31. Rd8+ Kg7 32. Rd7+ Kh6 33. Nd5 c6
34. Ne7 b5 35. Ng8+ Kg5 36. Rf7 Qd4+ 37. Kf1 1-0

[Event "AUTO-ADV-1200"]
[Site "http://www.queenalice.com/game.php?id=588014"]
[Date "2009.5.14"]
[Round "2"]
[White "Orfeu"]
[Black "ezequiel_2001"]
[Result "1-0"]
[WhiteElo "2014"]
[BlackElo "1971"]

1. d4 Nf6 2. c4 b6 3. Bg5 Bb7 4. Nc3 e6 5. e3 Be7 6. Nf3 h6 7. Bh4 d6 8. Bd3
Nbd7 9. O-O O-O 10. Rc1 c5 11. Bb1 Ne8 12. Qd3 g6 13. Bg3 Nef6 14. Nh4 cxd4 15.
exd4 Re8 16. Rce1 Nf8 17. f4 Nh5 18. Nf3 Nxg3 19. hxg3 f5 20. d5 Bf6 21. Nd4
exd5 22. Nxd5 Bxd5 23. cxd5 Rxe1 24. Rxe1 Qc7 25. Ne6 Nxe6 26. Rxe6 Qc1+ 27. Kh2
Qxb2 28. Rxd6 Re8 29. Bc2 Kg7 30. Bb3 Re2 31. Qf3 Re1 32. Rc6 Qd4 33. Rc7+ Be7
34. g4 fxg4 35. Qc3 g3+ 36. Kh3 Rh1+ 37. Kxg3 Qxc3+ 38. Rxc3 Bd6 39. Rc6 Be7 40.
Rc7 Kf6 41. Rxa7 Re1 42. Rc7 h5 43. Rc6+ Kg7 44. Rxb6 g5 45. f5 Re5 46. Rg6+ Kh7
47. d6 1-0

[Event "AUTO-ADV-1200"]
[Site "http://www.queenalice.com/game.php?id=588015"]
[Date "2009.5.14"]
[Round "2"]
[White "ezequiel_2001"]
[Black "Orfeu"]
[Result "0-1"]
[WhiteElo "2012"]
[BlackElo "2003"]

1. d4 d5 2. Nf3 Nf6 3. g3 Bg4 4. Bg2 e6 5. O-O c5 6. c3 Nc6 7. dxc5 Bxc5 8. a3
O-O 9. b4 Bb6 10. Nbd2 a6 11. Bb2 Ba7 12. a4 e5 13. Ba3 b5 14. a5 Rc8 15. Bb2
Re8 16. Qc2 e4 17. Nd4 Nxd4 18. Qb1 Nxe2+ 19. Kh1 Nxc3 0-1

[Event "AUTO-ADV-1140"]
[Site "http://www.queenalice.com/game.php?id=596816"]
[Date "2009.6.1"]
[Round "2"]
[White "Orfeu"]
[Black "donkiko"]
[Result "1-0"]
[WhiteElo "2047"]
[BlackElo "1814"]

1. d4 d5 2. c4 dxc4 3. Nc3 Nf6 4. Bg5 Nbd7 5. e3 h6 6. Bh4 g5 7. Bg3 a6 8. Bxc4
e6 9. Nf3 b5 10. Bd3 Nh5 11. Be5 Bg7 12. Bxg7 Nxg7 13. Be4 Rb8 14. O-O f5 15.
Bc6 Bb7 16. Ne5 Bxc6 17. Nxc6 Qf6 18. Nxb8 Nxb8 19. b4 O-O 20. Rc1 c6 21. Nb1
Rc8 22. Nd2 Rd8 23. Nf3 Qe7 24. Ne5 Rd6 25. Rc3 f4 26. Qc2 Nf5 27. Nxc6 Nxc6 28.
Rxc6 Kf7 29. Rc7 1-0

[Event "AUTO-ADV-1140"]
[Site "http://www.queenalice.com/game.php?id=596817"]
[Date "2009.6.1"]
[Round "2"]
[White "donkiko"]
[Black "Orfeu"]
[Result "0-1"]
[WhiteElo "1807"]
[BlackElo "2034"]

1. c4 g6 2. Nc3 Bg7 3. d4 d6 4. e4 c6 5. h3 f5 6. Nf3 Nh6 7. Bg5 O-O 8. e5 Nf7
9. Bf4 e6 10. exd6 Nxd6 11. Bg5 Qa5 12. Bd3 Nf7 13. Be7 Re8 14. Bh4 Nd7 15. O-O
e5 16. dxe5 Nfxe5 17. Nxe5 Nxe5 18. Re1 Bd7 19. Qc2 Be6 20. Rad1 Nxc4 21. Bxc4
Bxc4 22. g4 fxg4 23. hxg4 Rxe1+ 24. Rxe1 Bxc3 25. bxc3 Qxa2 26. Qxa2 Bxa2 27.
Re7 b5 28. Bf6 Bf7 29. g5 a5 30. Re1 Rc8 31. f4 a4 32. Kf2 c5 33. Rb1 Bc4 34.
Re1 b4 35. cxb4 cxb4 36. Re7 Bf7 37. Ra7 a3 38. Ke3 a2 39. Kd2 b3 40. Kd1 Kf8
41. Re7 Rc2 42. Rb7 b2 43. Rb8+ Be8 44. Rxb2 a1=Q+ 45. Kxc2 Qa4+ 46. Kd3 Qxf4
0-1

[Event "AUTO-ADV-1140"]
[Site "http://www.queenalice.com/game.php?id=596818"]
[Date "2009.6.1"]
[Round "2"]
[White "Orfeu"]
[Black "beckhamf2000"]
[Result "0-1"]
[WhiteElo "2019"]
[BlackElo "2383"]

1. d4 d5 2. c4 e6 3. Nc3 c6 4. Nf3 dxc4 5. e3 b5 6. a4 b4 7. Ne4 Qd5 8. Ned2 c3
9. bxc3 bxc3 10. Bc4 cxd2+ 0-1

[Event "AUTO-ADV-1140"]
[Site "http://www.queenalice.com/game.php?id=596819"]
[Date "2009.6.1"]
[Round "2"]
[White "beckhamf2000"]
[Black "Orfeu"]
[Result "1-0"]
[WhiteElo "2420"]
[BlackElo "2002"]

1. e4 e5 2. Nf3 Nc6 3. Bb5 a6 4. Bxc6 dxc6 5. d4 Bg4 6. dxe5 Qxd1+ 7. Kxd1 Bxf3+
8. gxf3 O-O-O+ 9. Ke2 Ne7 10. Be3 b6 11. f4 c5 12. Nc3 Nc6 13. Rad1 Be7 14.
Rxd8+ Rxd8 15. Nd5 Bf8 16. Rd1 Nb4 17. c3 Nc6 18. b3 Ne7 19. f5 f6 20. Nf4 g5
21. Rxd8+ Kxd8 22. Ne6+ Ke8 23. exf6 Nc6 24. Bxg5 Bd6 25. f4 1-0

[Event "AUTO-OPEN-1468"]
[Site "http://www.queenalice.com/game.php?id=618118"]
[Date "2009.7.13"]
[Round "2"]
[White "Zacharias_Matuzalem"]
[Black "Orfeu"]
[Result "0-1"]
[WhiteElo "1851"]
[BlackElo "2039"]

1. d4 d5 2. Nf3 Nf6 3. c4 e6 4. Nc3 Be7 5. Bg5 O-O 6. e3 c6 7. Bd3 dxc4 8. Bxc4
b6 9. O-O Nbd7 10. Qc2 Bb7 11. e4 a6 12. Bd3 c5 13. e5 Bxf3 14. exf6 gxf6 15.
Bh6 f5 16. Bxf8 Qxf8 17. gxf3 Qh6 18. Kh1 Kh8 19. Rg1 Nf6 20. dxc5 Bxc5 21. Rg2
Nh5 22. Qd2 Qxd2 23. Bc4 Nf4 24. Rd1 Qxb2 25. Na4 Qb4 26. Nxc5 Qxc5 27. Bb3 Nxg2
28. Kxg2 Rg8+ 29. Kf1 Qb5+ 30. Ke1 Rg1+ 31. Kd2 Qd7+ 32. Ke3 Rxd1 33. Bxd1 Qxd1
0-1

[Event "AUTO-OPEN-1468"]
[Site "http://www.queenalice.com/game.php?id=618119"]
[Date "2009.7.13"]
[Round "2"]
[White "Orfeu"]
[Black "Zacharias_Matuzalem"]
[Result "1-0"]
[WhiteElo "2028"]
[BlackElo "1892"]

1. d4 Nf6 2. c4 e6 3. Nc3 c5 4. d5 exd5 5. Nxd5 Nxd5 6. Qxd5 Nc6 7. a3 Be7 8.
Nf3 d6 9. Bd2 Be6 10. Qe4 Qb6 11. Bc3 O-O-O 12. e3 Rhg8 13. Be2 f5 14. Qxe6+ Kb8
15. Qxf5 h6 16. O-O Rdf8 17. Qd3 g5 18. Qd1 Qc7 19. Nd2 Ne5 20. Nf3 Nxf3+ 21.
Bxf3 Qd7 22. h3 Qf5 23. Qb3 b6 24. a4 Kc7 25. a5 Bd8 26. axb6+ axb6 27. Ra7+ Kb8
28. Qa4 d5 29. Ra8+ Kc7 30. Bg4 Qg6 31. Rc8+ Kd6 32. Qd7# 1-0

[Event "AUTO-OPEN-1468"]
[Site "http://www.queenalice.com/game.php?id=618122"]
[Date "2009.7.13"]
[Round "2"]
[White "brido83"]
[Black "Orfeu"]
[Result "1/2-1/2"]
[WhiteElo "1654"]
[BlackElo "2056"]

1. e4 e5 2. Nf3 Nc6 3. Bb5 a6 4. Ba4 b5 5. Bb3 Nf6 6. O-O Bc5 7. Re1 d6 8. c3
O-O 9. d4 exd4 10. cxd4 Bb6 11. h3 Bb7 12. Bc2 h6 13. Qd3 Nb4 14. Qd2 Nxc2 15.
Qxc2 Re8 16. Nc3 Ba5 17. Bd2 Bxc3 18. Bxc3 Nxe4 19. Rac1 Nf6 20. Qd3 Be4 21. Qd1
a5 22. a3 Nd5 23. Nd2 Nxc3 24. Rxc3 d5 25. Qg4 Bg6 26. Rxe8+ Qxe8 27. Nf3 Qe7
28. Ne5 Bb1 29. Qd7 Qxd7 30. Nxd7 Rc8 31. Rc6 Ba2 32. Nc5 Kf8 33. Na6 Ke8 34.
Rxc7 Rxc7 35. Nxc7+ Kd7 36. Nxb5 Bc4 37. Nc3 Ke6 38. f3 Kf5 39. Kf2 h5 40. Ke3
g5 41. Nd1 a4 42. Nc3 Bb3 43. Nb5 Ke6 44. g3 f5 45. Nc7+ Kd7 46. Na6 Kc6 47. Nc5
Kb5 48. Ne6 g4 49. hxg4 hxg4 50. fxg4 fxg4 51. Kf4 Bd1 52. Ke5 Bf3 53. Nf4 Kc4
54. Ne6 Kb5 55. Kf4 1/2-1/2

[Event "AUTO-OPEN-1468"]
[Site "http://www.queenalice.com/game.php?id=618123"]
[Date "2009.7.13"]
[Round "2"]
[White "Orfeu"]
[Black "brido83"]
[Result "1-0"]
[WhiteElo "2054"]
[BlackElo "1716"]

1. d4 e6 2. c4 Nf6 3. Nc3 Bb4 4. Bg5 h6 5. Bd2 c5 6. Nb5 Bxd2+ 7. Qxd2 cxd4 8.
Nd6+ Kf8 9. Nf3 Nc6 10. Nxd4 Qe7 11. Nb3 Ne8 12. Nxc8 Rxc8 13. e3 Qb4 14. Rd1
Qxd2+ 15. Rxd2 Ke7 16. Be2 Nf6 17. f3 Rhd8 18. Kf2 Ne5 19. Rc1 a6 20. Na5 b6 21.
Nb7 Rg8 22. b4 Rc7 23. Nd6 Ne8 24. c5 bxc5 25. bxc5 Nc6 26. Bxa6 f6 27. Nb5 g5
28. Nxc7 Nxc7 29. Bc4 Rb8 30. f4 Ne8 31. Kf3 Ng7 32. g4 Na5 33. Bd3 Ne8 34. Rb1
Rc8 35. Rb5 Nc6 36. Bg6 Nc7 37. Rb1 Nd5 38. Rbd1 Rd8 39. Bc2 Ncb4 40. Ba4 Na6
41. e4 Nxf4 42. Rxd7+ Rxd7 43. Rxd7+ Kf8 44. c6 Nc5 45. Rd8+ Ke7 46. c7 Nb7 47.
Re8+ 1-0